Očakávania účastníkov cestovného ruchu v kontexte kvality služieb

Bibliographic Details
Main Author: Chorvát, Ivan, 1968- (Author)
Format: Article
Language:Slovak
PhysicalDescription:Diagr.
ISSN:1335-1516
Subjects:

MARC

LEADER 00000nab a2200000 a 4500
001 vtls000664607
003 SK-MaSNL
005 20260304224709.0
008 161006c1998 xo 0 slo
015 |a SNBRB1998/06-17700 
035 |a CLN000016793 
040 |a SNKBUCL  |b slo  |c SNKBUCL  |e AACR2 
041 0 |a slo 
044 |a xo  |c SK 
080 |a 338.48  |2 1997 
100 1 |a Chorvát, Ivan,  |d 1968-  |4 aut  |9 253942 
245 1 0 |a Očakávania účastníkov cestovného ruchu v kontexte kvality služieb  |c Ivan Chorvát 
300 |b Diagr. 
504 |a Bibliogr. odkazy 
650 0 7 |a ruch cestovný  |x služby  |x kvalita  |2 snkbucl  |9 918013 
650 0 7 |a kvalita  |2 snkbucl  |9 1150 
655 7 |a články z novín a časopisov  |2 snkbucl  |9 267496 
773 0 |x 1335-1516  |t Finančný poradca podnikateľa  |g Roč. 3, č. 11-12 (1998), s. 57-62 
850 |a Slovenská národná knižnica v Martine 
852 |a SNK  |b KIS3GCP 
958 |a SK 
958 |a NB 
958 |a RBX 
999 |c 3173756  |d 3175686